<?xml version="1.0" encoding="UTF-8"?><?xml-stylesheet type="text/xsl" href="static/style.xsl"?><OAI-PMH xmlns="http://www.openarchives.org/OAI/2.0/" xmlns:xsi="http://www.w3.org/2001/XMLSchema-instance" xsi:schemaLocation="http://www.openarchives.org/OAI/2.0/ http://www.openarchives.org/OAI/2.0/OAI-PMH.xsd"><responseDate>2026-06-01T12:31:18Z</responseDate><request verb="GetRecord" identifier="oai:riuma.uma.es:10630/13388" metadataPrefix="marc">https://riuma.uma.es/rest/oai/request</request><GetRecord><record><header><identifier>oai:riuma.uma.es:10630/13388</identifier><datestamp>2026-02-03T12:43:11Z</datestamp><setSpec>com_10630_2254</setSpec><setSpec>col_10630_37957</setSpec></header><metadata><record xmlns="http://www.loc.gov/MARC21/slim" xmlns:dcterms="http://purl.org/dc/terms/" xmlns:doc="http://www.lyncode.com/xoai" xmlns:xsi="http://www.w3.org/2001/XMLSchema-instance" xsi:schemaLocation="http://www.loc.gov/MARC21/slim http://www.loc.gov/standards/marcxml/schema/MARC21slim.xsd">
   <leader>00925njm 22002777a 4500</leader>
   <datafield ind2=" " ind1=" " tag="042">
      <subfield code="a">dc</subfield>
   </datafield>
   <datafield ind2=" " ind1=" " tag="720">
      <subfield code="a">Sibaja-Cumplido, Rocío</subfield>
      <subfield code="e">author</subfield>
   </datafield>
   <datafield ind2=" " ind1=" " tag="260">
      <subfield code="c">2015</subfield>
   </datafield>
   <datafield ind2=" " ind1=" " tag="520">
      <subfield code="a">Este trabajo es una investigación sobre cómo la cultura tradicional andaluza se refleja en el videoclip de Hip hop. Se acota el objeto de estudio al Hip hop producido en Andalucía, de repercusión en toda España.&#xd;
La estructura de la investigación se divide en tres grandes bloques interrelacionados. Primero se define el diseño de la investigación, concretando su planteamiento y organización. En segundo lugar se investiga sobre el objeto de estudio y su contexto, estudiando los tres pilares que dan forma al videoclip de Hip hop andaluz: la cultura andaluza, el Hip hop y el videoclip. Después se realiza el análisis de la muestra, para posteriormente comentar sus resultados. Finalmente se establecen las conclusiones alcanzadas con la investigación.&#xd;
A través de esta investigación, se observa cómo fluyen modernidad y tradición en los vídeos musicales de Hip hop, y cómo el formato videoclip presenta a Andalucía, actuando como medio de promoción.</subfield>
   </datafield>
   <datafield ind1="8" ind2=" " tag="024">
      <subfield code="a">http://hdl.handle.net/10630/13388</subfield>
   </datafield>
   <datafield tag="653" ind2=" " ind1=" ">
      <subfield code="a">Video</subfield>
   </datafield>
   <datafield tag="653" ind2=" " ind1=" ">
      <subfield code="a">Cultura popular</subfield>
   </datafield>
   <datafield ind2="0" ind1="0" tag="245">
      <subfield code="a">El videoclip de Hip hop andaluz: Análisis audiovisual de una cultura</subfield>
   </datafield>
</record>
</metadata></record></GetRecord></OAI-PMH>